000
00332nam a2200133Ia 4500
008
220216s9999 xx 000 0 und d
100
_a
Antony P D
245
0
_a
Karnatakathilum naannooru paramparayinangal mecham
260
_b
Rubber
_c
2016
300
_a
14-16
650
_a
400 series clones
650
_a
Karnataka
942
_c
JS
999
_c
61837
_d
61837